Tilastot visalle Kuusi lähintä maata - Portugali

Klikkaa tästä pelataksesi tätä visaa!

Yleistilastot

  • Tätä visaa on pelattu 13 kertaa
  • Keskiarvotulos 5 / 6

Vastaustilastot

kmmaa% Oikein
0Espanja
100%
412Ranska
100%
637Andorra
90%
202Marokko
90%
520Algeria
70%
879Yhdistynyt
kuningaskunta
40%

Tulosjakauma

Persentiili vastausten määrän mukaan

Jokaisen tuloksen saaneiden osuus

Tuloshistoriasi

Et ole pelannut tätä visaa